Real...Or AI? - Statistics

General Stats
  • This quiz has been taken 135 times
  • The average score is 9 of 10
Answer Stats
Question Answer % Correct
Choose the Real Titanic
99%
Choose the Real Mount Fuji
96%
Choose the Real Hong Kong
96%
Choose the Real Frog
93%
Choose the Real Pangolin
91%
Choose the Real Fight for Women Rights
91%
Choose the Real Egyptian Papyrus
90%
Choose the Real Picture of Students
89%
Choose the Real Aurora Borealis
86%
Choose the Real Space Shuttle
73%
No matching quizzes found
Score Distribution
Percent of People with Each Score
Percentile by Number Answered
Your Score History
You have not taken this quiz